| 000 | 01145nam a22003497a 4500 | ||
|---|---|---|---|
| 003 | CHAP | ||
| 005 | 20220817044122.0 | ||
| 008 | 060830d2003 it r 00110 spa d | ||
| 010 | _a92603 | ||
| 011 | _a93575 | ||
| 020 | _a9253046325 | ||
| 035 | _a104153 | ||
| 040 | _cCHAP | ||
| 090 | _aFolleto 17083y | ||
| 110 | 2 | _aFAO | |
| 245 | 1 | 0 |
_aManual para la capacitación de trabajadores de extensión y agricultores : _balternativas al bromuro de mitilo para la fumigación de los suelos _c/por R. Braga [y otros] |
| 260 |
_aRoma : _bFAO, _c2003 |
||
| 300 |
_a74 h. : _bilus.; cuadros. |
||
| 590 |
_aBATCH-UPD _b10 _c20130110 _lUCH01 _h0826 |
||
| 590 |
_aBATCH-UPD _b10 _c20130410 _lUCH01 _h0504 |
||
| 590 |
_aBATCH-UPD _b10 _c20130914 _lUCH01 _h0751 |
||
| 590 |
_aCONVERSION _b10 _c20130109 _lUCH01 _h1351 |
||
| 650 | 1 | 4 |
_aAgricultura _xTrabajadores. _91840 |
| 650 | 1 | 4 |
_aBromuro de metilo. _915518 |
| 650 | 1 | 4 |
_aCapacitación. _918690 |
| 650 | 1 | 4 |
_aSuelos _xFumigación. _9110380 |
| 700 | 1 |
_aBraga, R. _914984 |
|
| 901 | _aBK | ||
| 905 | _aElisama A. H. | ||
| 942 | _cFOLL | ||
| 949 |
_aFolleto 17083y _bBC _cFAO _d33724000877262 _eFAO1 _i104153 _sb |
||
| 999 |
_c92603 _d92603 |
||